000
00317nam a2200133Ia 4500
003
SGT
082
_a
1.4
_b
KOT
100
_a
Kothari,C.R
245
_a
Research methodology Methods & Techniques
250
_a
2nd Ed.
260
_b
New Age International Publication
_a
New Delhi
_c
2005
300
_a
401p.
942
_2
ddc
_c
BK
999
_c
5627
_d
5627